[Event "USCL New Jersey vs Philadelphia"]
[Site "Internet Chess Club"]
[Date "2009.09.08"]
[Round "2"]
[White "Swaminathan, Rahul"]
[Black "Matlin, Anna"]
[Result "0-1"]
[WhiteElo "2135"]
[BlackElo "2003"]
[PlyCount "100"]
[EventDate "2009.??.??"]

1. e4 c5 2. Nf3 e6 3. d4 cxd4 4. Nxd4 a6 5. Bd3 Bc5 6. Nb3 Be7 7. Qg4 g6 8. Qe2
d6 9. Nc3 Nd7 10. Be3 Ngf6 11. Bh6 b6 12. O-O Bb7 13. a4 Qc7 14. Rad1 Bf8 15.
Bxf8 Kxf8 16. f4 Kg7 17. Kh1 h5 18. Rde1 h4 19. e5 Nd5 20. Nxd5 Bxd5 21. c4 Bb7
22. Be4 Bxe4 23. Qxe4 Nc5 24. Nxc5 dxc5 25. Rd1 Rad8 26. b3 Rd7 27. Rxd7 Qxd7
28. h3 Rd8 29. Kh2 Qd3 30. Qxd3 Rxd3 31. Rf3 Rxf3 32. gxf3 Kh6 33. Kg2 g5 34.
Kf2 gxf4 35. Ke2 Kg5 36. b4 Kf5 37. a5 bxa5 38. bxc5 Kxe5 39. Kd3 a4 40. Kc3 a5
41. Kb2 Kf6 42. Ka3 Ke7 43. Kxa4 Kd7 44. Kxa5 Kc6 45. Kb4 e5 46. Kc3 Kxc5 47.
Kd3 f5 48. Kc3 e4 49. fxe4 fxe4 50. Kd2 Kxc4 0-1

[Event "USCL Queens vs Baltimore"]
[Site "Internet Chess Club"]
[Date "2009.09.08"]
[Round "2"]
[White "Battsetseg, Tsaagan"]
[Black "Vicary, Elizabeth"]
[Result "1-0"]
[WhiteElo "2265"]
[BlackElo "2106"]
[PlyCount "93"]
[EventDate "2009.??.??"]

1. e4 c6 2. d4 d5 3. Nc3 dxe4 4. Nxe4 Bf5 5. Ng3 Bg6 6. Nf3 Nd7 7. h4 h6 8. h5
Bh7 9. Bd3 Bxd3 10. Qxd3 Qc7 11. Bd2 e6 12. O-O-O O-O-O 13. Ne4 Ngf6 14. Nxf6
Nxf6 15. Qc4 Rd5 16. Qa4 Kb8 17. c4 Rxh5 18. Rxh5 Nxh5 19. g3 Ka8 20. Be3 b5
21. Qc2 bxc4 22. Qxc4 Bd6 23. Rd3 Nf6 24. Ne5 Rc8 25. Qa6 Nd5 26. Bd2 Bb4 27.
Qc4 c5 28. Kd1 f6 29. Nf3 Qb7 30. Rb3 cxd4 31. Qxd4 e5 32. Qg4 a5 33. a3 Qc6
34. axb4 Qc2+ 35. Ke1 f5 36. Qg6 Qxb3 37. Qa6+ Kb8 38. Qb5+ Ka7 39. Qxa5+ Kb7
40. Qb5+ Ka8 41. Qa6+ Kb8 42. Qb5+ Ka7 43. Nxe5 Nxb4 44. Be3+ Ka8 45. Qa5+ Kb8
46. Qb6+ Ka8 47. Qa7# 1-0

[Event "USCL Queens vs Baltimore"]
[Site "Internet Chess Club"]
[Date "2009.09.08"]
[Round "2"]
[White "Schneider, Dmitry"]
[Black "Erenburg, Sergey"]
[Result "1/2-1/2"]
[WhiteElo "2510"]
[BlackElo "2616"]
[PlyCount "128"]
[EventDate "2009.??.??"]

1. e4 c6 2. d4 d5 3. exd5 cxd5 4. c4 Nf6 5. Nc3 e6 6. Nf3 Bb4 7. cxd5 Nxd5 8.
Qc2 Nc6 9. a3 Be7 10. Bd3 h6 11. O-O O-O 12. Rd1 Re8 13. Bh7+ Kh8 14. Ne5 Nxe5
15. dxe5 Qa5 16. Bd2 Qc7 17. Nxd5 Qxc2 18. Bxc2 exd5 19. Ba4 Rd8 20. Rac1 Bd7
21. Bb3 Bc6 22. f4 a5 23. Be3 a4 24. Ba2 Rd7 25. Bd4 Bd8 26. Bb1 Bb5 27. Bf2
Bc6 28. Bf5 Re7 29. Bc5 Re8 30. Bg4 Ra5 31. Bd4 Rb5 32. Be2 Rb3 33. Rc3 Rxc3
34. Bxc3 Bb6+ 35. Bd4 Bxd4+ 36. Rxd4 g5 37. g3 f6 38. Bh5 fxe5 39. Rxd5 Rf8 40.
Rxe5 gxf4 41. gxf4 Rxf4 42. Be8 Rg4+ 43. Kf1 Rf4+ 44. Kg1 Rg4+ 45. Kf1 Bh1 46.
Ra5 Rg2 47. Rxa4 Rxb2 48. h4 Kg7 49. Rf4 Bg2+ 50. Kg1 Bd5 51. Rd4 Be6 52. Bd7
Bf7 53. a4 Kf6 54. Rf4+ Ke7 55. Bb5 Be6 56. Rd4 Bh3 57. Rc4 Kd6 58. Rf4 Ke5 59.
Rf8 Bf5 60. Rh8 Kf4 61. Rxh6 Kg3 62. Bf1 Rh2 63. Rh8 Rxh4 64. Rxh4 Kxh4 1/2-1/2

[Event "USCL Seattle vs New York"]
[Site "Internet Chess Club"]
[Date "2009.09.08"]
[Round "2"]
[White "Lee, Michael"]
[Black "Bonin, Jay"]
[Result "1/2-1/2"]
[WhiteElo "2384"]
[BlackElo "2358"]
[PlyCount "49"]
[EventDate "2009.??.??"]

1. c4 b6 2. Nc3 Bb7 3. e4 c5 4. g3 Nc6 5. Bg2 g6 6. Nge2 Bg7 7. O-O e6 8. d3 a6
9. Rb1 Nge7 10. a3 O-O 11. b4 cxb4 12. axb4 Nd4 13. Nxd4 Bxd4 14. Qb3 Bg7 15.
Be3 Nc6 16. Ne2 b5 17. c5 a5 18. bxa5 b4 19. Bd2 Ba6 20. Nc1 Rb8 21. Qa4 Bb5
22. Qa2 Ba6 23. Qa4 Bb5 24. Qa2 Ba6 25. Qa4 1/2-1/2

[Event "USCL Seattle vs New York"]
[Site "Internet Chess Club"]
[Date "2009.09.08"]
[Round "2"]
[White "Sturt, Raven"]
[Black "Chen, Howard"]
[Result "1/2-1/2"]
[WhiteElo "2201"]
[BlackElo "2195"]
[PlyCount "113"]
[EventDate "2009.??.??"]

1. d4 d5 2. Nf3 Nf6 3. g3 c6 4. Bg2 Bf5 5. O-O e6 6. c4 Nbd7 7. Qb3 Qb6 8. c5
Qxb3 9. axb3 Bxb1 10. Rxb1 Ne4 11. b4 Be7 12. Nd2 Nxd2 13. Bxd2 f5 14. f3 Bf6
15. Bc3 O-O-O 16. e4 Rhe8 17. e5 Be7 18. Ra1 Kb8 19. Ra2 a6 20. Rfa1 Kc7 21.
Bf1 Rb8 22. b3 g5 23. Bd3 h5 24. g4 fxg4 25. fxg4 h4 26. Rf2 Rf8 27. Raf1 Rxf2
28. Rxf2 Rf8 29. Be1 Rxf2 30. Kxf2 Nf8 31. Ke3 Kd7 32. h3 Ke8 33. Kd2 Bd8 34.
Kc2 Kd7 35. Kc3 Kc8 36. Kb2 Kd7 37. Bd2 Kc8 38. Kc2 Kd7 39. Kd1 Ke8 40. Ke2 Kf7
41. Ke3 Ke7 42. Kf3 Kf7 43. Bc2 Kg7 44. Ke3 Kf7 45. Kd3 Ke8 46. Be1 Kf7 47. Bd1
Ng6 48. Bd2 Nf8 49. Be2 Ng6 50. Kc3 Be7 51. Bf1 Nf8 52. Kb2 Bd8 53. Ka3 Nd7 54.
Bd3 Nf8 55. Ka4 Nd7 56. Be1 Nb8 57. Ka3 1/2-1/2

[Event "USCL San Francisco vs Dallas"]
[Site "Internet Chess Club"]
[Date "2009.09.09"]
[Round "2"]
[White "Ludwig, Daniel"]
[Black "Kraai, Jesse"]
[Result "1-0"]
[WhiteElo "2543"]
[BlackElo "2552"]
[PlyCount "37"]
[EventDate "2009.??.??"]

1. e4 e6 2. d4 d5 3. Nd2 c5 4. exd5 Qxd5 5. Ngf3 cxd4 6. Bc4 Qd6 7. O-O Nc6 8.
Nb3 Nf6 9. Nbxd4 Nxd4 10. Nxd4 Bd7 11. b3 Be7 12. a4 a6 13. Re1 Qc7 14. Qf3 O-O
15. Nf5 Bc6 16. Qg3 Qxg3 17. Nxe7+ Kh8 18. hxg3 Be4 19. Bb2 1-0

[Event "USCL Boston vs Carolina"]
[Site "Internet Chess Club"]
[Date "2009.09.09"]
[Round "2"]
[White "Zaikov, Oleg"]
[Black "Shmelov, Denys"]
[Result "1/2-1/2"]
[WhiteElo "2388"]
[BlackElo "2474"]
[PlyCount "51"]
[EventDate "2009.??.??"]

1. d4 Nf6 2. c4 e6 3. Nf3 c5 4. d5 d6 5. Nc3 exd5 6. cxd5 g6 7. e4 Bg7 8. h3
O-O 9. Bd3 Nh5 10. O-O Nd7 11. Re1 Ne5 12. Be2 Nxf3+ 13. Bxf3 Qh4 14. Bxh5 gxh5
15. Be3 f5 16. exf5 Bxf5 17. Qd2 Rf7 18. Bf4 Bd4 19. Nb5 Bxh3 20. Nxd4 Rxf4 21.
Ne6 Bxg2 22. Kxg2 Qg4+ 23. Kh2 Qh4+ 24. Kg2 Qg4+ 25. Kh2 Qh4+ 26. Kg2 1/2-1/2

[Event "USCL Boston vs Carolina"]
[Site "Internet Chess Club"]
[Date "2009.09.09"]
[Round "2"]
[White "Perelshteyn, Eugene"]
[Black "Schroer, Jonathan"]
[Result "1-0"]
[WhiteElo "2628"]
[BlackElo "2429"]
[PlyCount "63"]
[EventDate "2009.??.??"]

1. d4 d5 2. c4 c6 3. Nc3 Nf6 4. e3 a6 5. Nf3 b5 6. c5 Bg4 7. h3 Bxf3 8. gxf3 e5
9. dxe5 Nfd7 10. f4 Nxc5 11. b4 Na4 12. Nxa4 Bxb4+ 13. Ke2 bxa4 14. Qxa4 Be7
15. Rb1 O-O 16. Rg1 Qc8 17. Qc2 Nd7 18. h4 Qc7 19. h5 Nc5 20. f5 Ne4 21. f6
Qxe5 22. Rxg7+ Kh8 23. fxe7 Rfb8 24. Rxb8+ Rxb8 25. Rxf7 Qxh5+ 26. Rf3 Ng5 27.
Qf5 Qxf3+ 28. Qxf3 Nxf3 29. Kxf3 Kg7 30. Bh3 Kf7 31. Ba3 Rb7 32. Kf4 1-0

[Event "USCL San Francisco vs Dallas"]
[Site "Internet Chess Club"]
[Date "2009.09.09"]
[Round "2"]
[White "Jayakumar, Ardash"]
[Black "Liou, Yian"]
[Result "0-1"]
[WhiteElo "2173"]
[BlackElo "2149"]
[PlyCount "58"]
[EventDate "2009.??.??"]

1. d4 f5 2. c4 Nf6 3. g3 g6 4. Bg2 Bg7 5. Nc3 d6 6. Nf3 O-O 7. O-O Qe8 8. d5
Na6 9. Rb1 Bd7 10. b4 c6 11. dxc6 Bxc6 12. Qb3 Ne4 13. Bb2 Nxc3 14. Bxc3 Bxc3
15. Qxc3 Rc8 16. Qd4 Be4 17. Nd2 Bxg2 18. Kxg2 Qc6+ 19. Kg1 Nc7 20. Qxa7 Ra8
21. Qe3 Rxa2 22. Ra1 Rfa8 23. Rxa2 Rxa2 24. Nb3 Qe4 25. Qb6 Ne6 26. Nc1 Rc2 27.
Qb5 Nd4 28. Qd5+ Qxd5 29. cxd5 Rxc1 0-1

[Event "USCL Boston vs Carolina"]
[Site "Internet Chess Club"]
[Date "2009.09.09"]
[Round "2"]
[White "Jones, Craig"]
[Black "Krasik, Ilya"]
[Result "0-1"]
[WhiteElo "2275"]
[BlackElo "2252"]
[PlyCount "68"]
[EventDate "2009.??.??"]

1. d4 d5 2. c4 e6 3. Nc3 c6 4. e3 Nf6 5. Nf3 dxc4 6. Bxc4 b5 7. Bd3 Nbd7 8. O-O
Bb7 9. e4 b4 10. Na4 c5 11. e5 Nd5 12. dxc5 Nxc5 13. Bb5+ Nd7 14. Bg5 Qa5 15.
Nd4 a6 16. Bxd7+ Kxd7 17. a3 Rc8 18. Qf3 Ke8 19. axb4 Qxb4 20. Rfd1 h6 21. Qh3
hxg5 22. Qxh8 Nf4 23. f3 Rc4 24. Nb3 Rc2 25. Nac5 Rxg2+ 26. Kh1 Ng6 27. Qh3 g4
28. Nxa6 gxh3 29. Nxb4 Bxb4 30. Rac1 Rxb2 31. Nd4 Nxe5 32. Rb1 Bc3 33. Nb5
Bxf3+ 34. Kg1 Rg2+ 0-1

[Event "USCL Chicago vs Miami"]
[Site "Internet Chess Club"]
[Date "2009.09.09"]
[Round "2"]
[White "Young, Angelo"]
[Black "Rodriguez, Eric"]
[Result "1-0"]
[WhiteElo "2325"]
[BlackElo "2290"]
[PlyCount "97"]
[EventDate "2009.??.??"]

1. Nf3 Nf6 2. g3 c5 3. Bg2 g6 4. c3 d5 5. O-O Bg7 6. d4 O-O 7. Ne5 Qb6 8. a4
cxd4 9. a5 Qa6 10. cxd4 Ne4 11. f3 Nd6 12. Nc3 e6 13. e3 Rd8 14. f4 f6 15. Nd3
Qc6 16. Rf2 Qe8 17. Rc2 Na6 18. b3 Bd7 19. Ba3 Nb5 20. Bc5 Bc6 21. Nxb5 Bxb5
22. Rac1 Bxd3 23. Qxd3 Bf8 24. Qd2 Bxc5 25. dxc5 Nb8 26. Qd4 Qe7 27. a6 Nxa6
28. c6 Nb4 29. cxb7 Nxc2 30. bxa8=Q Nxd4 31. Rc8 Rxc8 32. Qxc8+ Kg7 33. exd4
Qb4 34. Qc7+ Kh6 35. Qc5 a5 36. Qxb4 axb4 37. Kf2 f5 38. h3 Kg7 39. g4 Kf6 40.
Kg3 h6 41. Bf1 g5 42. Bd3 Kg6 43. gxf5+ exf5 44. Ba6 Kf6 45. Bc8 h5 46. fxg5+
Kxg5 47. h4+ Kg6 48. Kf4 Kf6 49. Bxf5 1-0

[Event "USCL Chicago vs Miami"]
[Site "Internet Chess Club"]
[Date "2009.09.09"]
[Round "2"]
[White "Lopez, Bruci"]
[Black "van de Mortel, Jan"]
[Result "1-0"]
[WhiteElo "2480"]
[BlackElo "2456"]
[PlyCount "79"]
[EventDate "2009.??.??"]

1. e4 c5 2. Nf3 Nc6 3. d4 cxd4 4. Nxd4 Nf6 5. Nc3 e5 6. Ndb5 d6 7. Bg5 a6 8.
Na3 b5 9. Nd5 Be7 10. Bxf6 Bxf6 11. c3 O-O 12. Nc2 Bg5 13. a4 bxa4 14. Rxa4 a5
15. Bc4 Rb8 16. Ra2 Kh8 17. h4 Bh6 18. Qe2 f5 19. exf5 Bxf5 20. g4 Bxc2 21.
Qxc2 g6 22. g5 Bg7 23. Qe4 Rf5 24. h5 Rxg5 25. hxg6 h6 26. Ne3 Ne7 27. Bf7 Rb6
28. Rxa5 Rxb2 29. Ra8 Rb8 30. Rxb8 Qxb8 31. Qh4 Qb1+ 32. Kd2 Qb2+ 33. Nc2 Rg2
34. Ra1 Nxg6 35. Ra8+ Nf8 36. Rxf8+ Bxf8 37. Qf6+ Kh7 38. Bd5 Rg7 39. Qxf8 Rc7
40. Be4# 1-0

[Event "USCL Chicago vs Miami"]
[Site "Internet Chess Club"]
[Date "2009.09.09"]
[Round "2"]
[White "Recio, Miguel"]
[Black "Magness, Trevor"]
[Result "1-0"]
[WhiteElo "2164"]
[BlackElo "2138"]
[PlyCount "91"]
[EventDate "2009.??.??"]

1. d4 Nf6 2. Nf3 e6 3. c4 b6 4. a3 Bb7 5. Nc3 d5 6. cxd5 Nxd5 7. Qc2 Be7 8. e4
Nxc3 9. bxc3 O-O 10. Bd3 c5 11. O-O cxd4 12. cxd4 Ba6 13. Bxa6 Nxa6 14. Bb2 Qd7
15. Qb3 Bf6 16. Rfd1 Rfd8 17. Rd2 Qb7 18. Qe3 Rac8 19. Rad1 h6 20. h4 Nc7 21.
Qf4 b5 22. g4 Be7 23. g5 h5 24. Ne5 Rf8 25. Qf3 Bd6 26. d5 exd5 27. exd5 b4 28.
Qxh5 bxa3 29. Ba1 Ne8 30. Ng4 Qd7 31. Bxg7 Kxg7 32. Nf6 Rh8 33. Qxh8+ Kxh8 34.
Nxd7 Rc7 35. Re2 Rxd7 36. Rxe8+ Kh7 37. Re4 Kg6 38. Kg2 Rb7 39. Ra4 Rb2 40. Ra6
Rb6 41. Rxa7 f6 42. Rc1 fxg5 43. Rc6 Rxc6 44. dxc6 gxh4 45. c7 a2 46. c8=Q 1-0

[Event "USCL San Francisco vs Dallas"]
[Site "Internet Chess Club"]
[Date "2009.09.09"]
[Round "2"]
[White "Shankland, Sam"]
[Black "Bercys, Salvijus"]
[Result "1-0"]
[WhiteElo "2564"]
[BlackElo "2503"]
[PlyCount "127"]
[EventDate "2009.??.??"]

1. d4 d5 2. c4 e6 3. Nf3 c6 4. e3 f5 5. Bd3 Nf6 6. O-O Bd6 7. b3 Qe7 8. Bb2 O-O
9. Qc1 Ne4 10. Ba3 Nd7 11. Bxd6 Qxd6 12. Nc3 b6 13. cxd5 exd5 14. Ne2 Bb7 15.
Qb2 Rae8 16. Rac1 Rf6 17. Rc2 Rh6 18. Ng3 Qf6 19. Qa3 a6 20. Rfc1 g5 21. Nd2
Nxg3 22. hxg3 g4 23. Nf1 Rh5 24. f4 gxf3 25. gxf3 Rg5 26. Rg2 Kh8 27. Rcc2 c5
28. Qb2 c4 29. Be2 b5 30. f4 Rg7 31. Bf3 Nf8 32. Kh1 Ba8 33. Rh2 Rc8 34. Qc1 a5
35. Rh5 Ra7 36. Qb1 c3 37. Rch2 Rf7 38. Bd1 Bc6 39. Bc2 Bd7 40. g4 Qe7 41. gxf5
Rf6 42. Qe1 Qf7 43. Qh4 Bxf5 44. Rxf5 Rxf5 45. Qg4 Rxf4 46. Qxf4 Qxf4 47. exf4
Re8 48. Rh3 Re1 49. Kg1 b4 50. f5 Kg7 51. Re3 Ra1 52. Re5 Rxa2 53. Ne3 Rb2 54.
Re7+ Kf6 55. Ra7 Kg5 56. Rxa5 Nd7 57. Rxd5 Nf6 58. Re5 Kf4 59. Ng2+ Kg4 60. Ne1
h5 61. d5 h4 62. d6 h3 63. Re6 Kg5 64. Kh2 1-0

[Event "USCL Tennessee vs Arizona"]
[Site "Internet Chess Club"]
[Date "2009.09.09"]
[Round "2"]
[White "Ehlvest, Jaan"]
[Black "Ramirez, Alejandro"]
[Result "1-0"]
[WhiteElo "2697"]
[BlackElo "2601"]
[PlyCount "83"]
[EventDate "2009.??.??"]

1. Nf3 c5 2. c4 Nc6 3. d4 cxd4 4. Nxd4 g6 5. e4 Nf6 6. Nc3 Nxd4 7. Qxd4 d6 8.
f3 Bg7 9. Be3 O-O 10. Qd2 a5 11. b3 a4 12. b4 Be6 13. Rc1 Nd7 14. Be2 a3 15.
Nd5 Bxd5 16. exd5 Bb2 17. Rc2 Qc7 18. O-O Rfc8 19. f4 Nf6 20. Bf3 Qd7 21. Re1
Qf5 22. Re2 h5 23. h3 Re8 24. Bf2 Rac8 25. Bh4 Rc7 26. c5 dxc5 27. bxc5 Qc8 28.
Qe3 Rd8 29. Red2 Qf5 30. Bxf6 Qxf6 31. g3 Qa6 32. Kg2 Qa4 33. f5 Bf6 34. fxg6
fxg6 35. Qh6 Kf7 36. Qh7+ Bg7 37. Rf2 Qxc2 38. Be2+ Qf5 39. Rxf5+ gxf5 40.
Bxh5+ Kf8 41. Qxf5+ Kg8 42. Bf7+ 1-0

[Event "USCL Tennessee vs Arizona"]
[Site "Internet Chess Club"]
[Date "2009.09.09"]
[Round "2"]
[White "Altounian, Levon"]
[Black "Burnett, Ron"]
[Result "1/2-1/2"]
[WhiteElo "2538"]
[BlackElo "2380"]
[PlyCount "68"]
[EventDate "2009.??.??"]

1. e4 c5 2. c3 d6 3. d4 Nf6 4. Bd3 Nbd7 5. Nf3 Qc7 6. O-O e5 7. dxe5 dxe5 8.
Qb3 a6 9. Ng5 Nb6 10. Na3 h6 11. Nxf7 Qxf7 12. Qxb6 Be6 13. b3 Rc8 14. Nc4 Rc6
15. Qa7 Qc7 16. f4 Bxc4 17. bxc4 Bd6 18. Rb1 Nd7 19. Rxb7 Qc8 20. fxe5 Bb8 21.
Qa8 Rb6 22. Rxd7 Qxd7 23. Qd5 Qe6 24. Be3 Bxe5 25. Bxc5 Rc6 26. Bd4 Rd6 27.
Qxe5 Qxe5 28. Bxe5 Rxd3 29. Bxg7 Rg8 30. Bd4 Rd2 31. Rf2 Rd1+ 32. Rf1 Rd2 33.
Rf2 Rd1+ 34. Rf1 Rd2 1/2-1/2

[Event "USCL Tennessee vs Arizona"]
[Site "Internet Chess Club"]
[Date "2009.09.09"]
[Round "2"]
[White "Adelberg, David"]
[Black "Justice, David"]
[Result "1/2-1/2"]
[WhiteElo "2160"]
[BlackElo "2087"]
[PlyCount "120"]
[EventDate "2009.??.??"]

1. d4 Nf6 2. c4 g6 3. Nf3 Bg7 4. g3 d5 5. cxd5 Nxd5 6. Bg2 Nb6 7. Nc3 Nc6 8. e3
O-O 9. O-O Re8 10. b3 e5 11. Nxe5 Nxe5 12. dxe5 Bxe5 13. Bb2 c6 14. Qe2 Qe7 15.
Rad1 Be6 16. Rd2 Rad8 17. Rfd1 a5 18. e4 Bg7 19. Qe3 Rxd2 20. Rxd2 Qb4 21. e5
Nd7 22. f4 f6 23. exf6 Nxf6 24. Qf3 Bf5 25. Re2 Rd8 26. Re1 Rd2 27. Re2 Qc5+
28. Qf2 Qxf2+ 29. Rxf2 Rd7 30. h3 h5 31. Kh2 Kf7 32. Re2 Nd5 33. Nxd5 cxd5 34.
Bxg7 Kxg7 35. Kg1 d4 36. Kf2 Kf6 37. Bf1 Rc7 38. Rd2 Rc2 39. Rxc2 Bxc2 40. Ke2
Ke6 41. Kd2 Be4 42. a3 Kf5 43. Bb5 Ke6 44. Bc4+ Kf5 45. Bf1 h4 46. gxh4 Kxf4
47. Be2 Bf3 48. Bd3 Be4 49. Be2 Bf3 50. Bd3 Bh5 51. Bc4 Kg3 52. Be6 Kxh4 53.
Kd3 Kg3 54. Kxd4 Bf3 55. Kc5 g5 56. Kb6 Bg2 57. Kxa5 Bxh3 58. Bd5 Bg2 59. Be6
Bh3 60. Bd5 Bg2 1/2-1/2

[Event "USCL Carolina vs New Jersey"]
[Site "Internet Chess Club"]
[Date "2009.09.14"]
[Round "3"]
[White "Gulko, Boris"]
[Black "Zaikov, Oleg"]
[Result "1-0"]
[WhiteElo "2609"]
[BlackElo "2388"]
[PlyCount "83"]
[EventDate "2009.??.??"]

1. c4 Nf6 2. Nc3 e5 3. Nf3 Nc6 4. g3 d5 5. cxd5 Nxd5 6. Bg2 Nb6 7. O-O Be7 8.
a3 O-O 9. b4 Re8 10. d3 Bf8 11. Bb2 Bg4 12. h3 Be6 13. Ne4 f6 14. Nc5 Bxc5 15.
bxc5 Nd5 16. Qc2 Qd7 17. Kh2 a5 18. Rab1 a4 19. Ba1 Na5 20. e4 Ne7 21. d4 Bb3
22. Qc3 exd4 23. Nxd4 Nec6 24. Nxb3 Nxb3 25. Rfd1 Qe7 26. Rd5 Ra5 27. Rxb3 axb3
28. Qxb3 Qe6 29. Qxb7 Rxa3 30. Bb2 Rb8 31. Qxb8+ Nxb8 32. Bxa3 Qa6 33. Rd8+ Kf7
34. Bc1 Qb5 35. Be3 Na6 36. e5 Nb4 37. exf6 gxf6 38. Be4 Kg7 39. Bf5 c6 40. Be6
h5 41. Rd7+ Kf8 42. Bf7 1-0

[Event "USCL Queens vs New York"]
[Site "Internet Chess Club"]
[Date "2009.09.14"]
[Round "3"]
[White "Norowitz, Yaacov"]
[Black "Vicary, Elizabeth"]
[Result "1-0"]
[WhiteElo "2354"]
[BlackElo "2106"]
[PlyCount "91"]
[EventDate "2009.??.??"]

1. d4 d5 2. e3 c5 3. c3 cxd4 4. exd4 Nc6 5. Bd3 Qc7 6. h3 e5 7. dxe5 Nxe5 8.
Bb5+ Nc6 9. Qxd5 Nf6 10. Qg5 h6 11. Qh4 Bd6 12. Nf3 Bd7 13. Be3 O-O-O 14. Nbd2
Rhe8 15. O-O-O a6 16. Nc4 Bf5 17. Bxc6 Qxc6 18. Nxd6+ Rxd6 19. Rxd6 Qxd6 20.
Qc4+ Qc7 21. Qxc7+ Kxc7 22. Re1 Ne4 23. Rd1 Be6 24. Kb1 Bf5 25. Ka1 b6 26. c4
Nc5 27. Bxc5 bxc5 28. b3 Be4 29. Re1 f5 30. Nd2 Rd8 31. Nxe4 fxe4 32. Rxe4 Rd2
33. Re7+ Kd6 34. Rxg7 Rxf2 35. g4 Ke5 36. Rd7 Rh2 37. Rd5+ Ke4 38. g5 hxg5 39.
Rxg5 Rxh3 40. Kb2 Rh2+ 41. Ka3 Kd4 42. Rd5+ Kc3 43. Rxc5 Rh6 44. Rg5 Rc6 45. c5
Rf6 46. Rg4 1-0

[Event "USCL Dallas vs Boston"]
[Site "Internet Chess Club"]
[Date "2009.09.14"]
[Round "3"]
[White "Kiewra, Keaton"]
[Black "Martirosov, Vadim"]
[Result "1-0"]
[WhiteElo "2365"]
[BlackElo "2235"]
[PlyCount "61"]
[EventDate "2009.??.??"]

1. e4 c5 2. Nf3 Nc6 3. Bb5 e6 4. O-O Nge7 5. c3 a6 6. Ba4 b5 7. Bc2 Bb7 8. a4
d5 9. exd5 Nxd5 10. d4 Be7 11. axb5 axb5 12. Rxa8 Bxa8 13. dxc5 Bxc5 14. Nbd2
O-O 15. Ne4 Be7 16. Qd3 Qb8 17. Nc5 g6 18. Nd7 Qb7 19. Nxf8 Bxf8 20. Qe2 Nce7
21. Re1 Nf5 22. Bxf5 gxf5 23. Rd1 Qc6 24. Qe5 Bd6 25. Qd4 Be7 26. Bh6 Bf6 27.
Qa7 Qe8 28. Ra1 Bc6 29. Nd4 Bg7 30. Nxc6 Bxh6 31. Qb7 1-0

[Event "USCL Dallas vs Boston"]
[Site "Internet Chess Club"]
[Date "2009.09.14"]
[Round "3"]
[White "Krasik, Ilya"]
[Black "Yang, Darwin"]
[Result "0-1"]
[WhiteElo "2252"]
[BlackElo "2348"]
[PlyCount "56"]
[EventDate "2009.??.??"]

1. d4 Nf6 2. c4 e6 3. Nf3 b6 4. a3 Ba6 5. Qc2 Bb7 6. Nc3 c5 7. e4 cxd4 8. Nxd4
Bc5 9. Nb3 Nc6 10. Bd3 O-O 11. Bf4 Nh5 12. Bd2 e5 13. Nd5 Nd4 14. Nxd4 Bxd4 15.
O-O Rc8 16. g3 d6 17. Qd1 Nf6 18. Ra2 Nxd5 19. cxd5 f5 20. Qf3 fxe4 21. Qxe4 g6
22. b4 Kg7 23. Rc2 Rxc2 24. Bxc2 Qf6 25. Bd3 Qf7 26. Bc4 Rc8 27. Bb3 Ba6 28.
Qh4 Bxf1 0-1

[Event "USCL Carolina vs New Jersey"]
[Site "Internet Chess Club"]
[Date "2009.09.14"]
[Round "3"]
[White "Simpson, Ron"]
[Black "Ippolito, Dean"]
[Result "0-1"]
[WhiteElo "2290"]
[BlackElo "2535"]
[PlyCount "87"]
[EventDate "2009.??.??"]

1. e4 e5 2. Nf3 Nf6 3. Nxe5 d6 4. Nf3 Nxe4 5. Nc3 Nxc3 6. dxc3 Nc6 7. Bf4 Qf6
8. Qd2 Be7 9. O-O-O O-O 10. Re1 Qf5 11. g4 Qa5 12. Bc4 Be6 13. Qd3 Bxg4 14. Nd4
Bg5 15. Qe3 Nxd4 16. Bxg5 Nf3 17. Be7 Rfe8 18. h3 Nxe1 19. hxg4 Qe5 20. Qxe5
dxe5 21. Ba3 Nf3 22. Bd5 e4 23. Bxb7 Rad8 24. Bc5 a5 25. b4 axb4 26. cxb4 Nd4
27. a4 Rb8 28. Bxd4 Rxb7 29. c3 Rd8 30. Rd1 f6 31. Kc2 Kf7 32. Kb3 c5 33. a5
cxd4 34. Rxd4 Rxd4 35. cxd4 f5 36. gxf5 h5 37. Ka4 h4 38. a6 Ra7 39. b5 h3 40.
Ka5 h2 41. b6 Rd7 42. b7 h1=Q 43. Kb6 Qb1+ 44. Kc6 0-1

[Event "USCL Baltimore vs Philadelphia"]
[Site "Internet Chess Club"]
[Date "2009.09.14"]
[Round "3"]
[White "Kritz, Leonid"]
[Black "Kudrin, Sergey"]
[Result "1-0"]
[WhiteElo "2654"]
[BlackElo "2602"]
[PlyCount "121"]
[EventDate "2009.??.??"]

1. e4 c5 2. Nf3 d6 3. d4 cxd4 4. Nxd4 Nf6 5. Nc3 g6 6. Be3 Bg7 7. f3 Nc6 8. Qd2
O-O 9. Bc4 Bd7 10. O-O-O Rc8 11. Bb3 Nxd4 12. Bxd4 b5 13. Bxa7 b4 14. Ne2 Qa5
15. Bd4 Ba4 16. Bxa4 Qxa4 17. Kb1 Ra8 18. Nc1 Rfc8 19. Rhe1 Ne8 20. Bxg7 Nxg7
21. f4 Ne6 22. f5 b3 23. cxb3 Rxc1+ 24. Kxc1 Qxa2 25. Qc3 Nc5 26. Kd2 Nxb3+ 27.
Ke3 Qa7+ 28. Kf3 Qb7 29. f6 Rc8 30. Qe3 exf6 31. Rxd6 Nc5 32. Rc1 f5 33. Qd4
Ne6 34. Qd5 fxe4+ 35. Kg3 Qb8 36. Rxc8+ Qxc8 37. Qxe4 Qb8 38. Qe5 Qb3+ 39. Qc3
Qb8 40. Qd2 Qb3+ 41. Kf2 h5 42. Kg1 Qa4 43. h3 Qa1+ 44. Kh2 Qf1 45. Rc6 Kh7 46.
b4 h4 47. Rc3 Qf5 48. Rc4 Qe5+ 49. Kh1 g5 50. Qc3 Qd6 51. Rc8 Qd1+ 52. Kh2 Qd6+
53. Kg1 Qd1+ 54. Kf2 Nd4 55. Re8 g4 56. Re1 Qc2+ 57. Qxc2+ Nxc2 58. Rb1 Na3 59.
Rb3 g3+ 60. Kf3 Nb5 61. Kg4 1-0

[Event "USCL Carolina vs New Jersey"]
[Site "Internet Chess Club"]
[Date "2009.09.14"]
[Round "3"]
[White "Shen, Arthur"]
[Black "Jones, Craig"]
[Result "0-1"]
[WhiteElo "2107"]
[BlackElo "2275"]
[PlyCount "80"]
[EventDate "2009.??.??"]

1. e4 e6 2. d4 d5 3. Nc3 Nf6 4. e5 Nfd7 5. f4 c5 6. Nf3 Nc6 7. Be3 cxd4 8. Nxd4
Bc5 9. Qd2 O-O 10. O-O-O a6 11. Nb3 Qe7 12. Qf2 Bb4 13. Na4 b5 14. Nb6 Nxb6 15.
Bxb6 Qb7 16. Bc5 Bxc5 17. Qxc5 Bd7 18. Bd3 a5 19. Qe3 b4 20. Nc5 Qa7 21. Qh3 g6
22. Nxd7 Qxd7 23. Bb5 Rfc8 24. Ba4 Qc7 25. g4 Rab8 26. Rd2 b3 27. axb3 Nb4 28.
c3 Na6 29. Qe3 Nc5 30. Rc2 Qb6 31. Re1 Nxa4 32. bxa4 Qb3 33. f5 d4 34. Qxd4 Rd8
35. f6 Rxd4 36. cxd4 Qxa4 37. Kb1 Qxd4 38. g5 h6 39. gxh6 a4 40. Ka2 Qd5+ 0-1

[Event "USCL Dallas vs Boston"]
[Site "Internet Chess Club"]
[Date "2009.09.14"]
[Round "3"]
[White "Sammour-Hasbun, Jorge"]
[Black "Ludwig, Daniel"]
[Result "0-1"]
[WhiteElo "2603"]
[BlackElo "2543"]
[PlyCount "104"]
[EventDate "2009.??.??"]

1. e4 c5 2. Nf3 d6 3. d4 cxd4 4. Nxd4 Nf6 5. Nc3 a6 6. Bg5 e6 7. f4 Be7 8. Qf3
h6 9. Bh4 Nbd7 10. O-O-O Qc7 11. Be2 O-O 12. Qg3 Nc5 13. Bf3 e5 14. Nf5 Bxf5
15. exf5 Rac8 16. Kb1 Na4 17. Nxa4 Qxc2+ 18. Ka1 e4 19. Nb6 Rc6 20. Nd7 Rfc8
21. a3 Nxd7 22. Bxe7 Rb6 23. Rb1 exf3 24. f6 Qxg2 25. Rhg1 Qxg3 26. Rxg3 g6 27.
Rxf3 d5 28. f5 g5 29. Rg1 Kh7 30. h4 Rg8 31. hxg5 Rxg5 32. Rxg5 hxg5 33. Rh3+
Kg8 34. Rh6 Rc6 35. Ka2 g4 36. Kb3 d4 37. Rh4 Nxf6 38. Bxf6 Rxf6 39. Rxg4+ Kh7
40. Rh4+ Kg7 41. Rxd4 Rxf5 42. Rd7 Rb5+ 43. Kc3 Kf6 44. b4 Ke6 45. Rc7 f5 46.
Rh7 Ke5 47. Kc4 f4 48. a4 Rb6 49. b5 axb5+ 50. axb5 f3 51. Kc5 Rf6 52. Re7+ Kf4
0-1